[Event "Aragon-chT Honor Descenso"]
[Site "Aragon"]
[Date "2019.03.16"]
[Round "8.25"]
[White "Garcia Fernandez, Javier"]
[Black "Gutierrez Mingueza, Ruben"]
[Result "1-0"]
[WhiteElo "2179"]
[BlackElo "2068"]
[PlyCount "109"]
[EventDate "2019.03.16"]
[EventType "team-tourn"]
[EventRounds "10"]
[EventCountry "ESP"]
[SourceTitle "EXT 2020"]
[Source "ChessBase"]
[SourceDate "2019.10.17"]
[SourceVersion "1"]
[SourceVersionDate "2019.10.17"]
[SourceQuality "1"]
[WhiteTeam "Teruel"]
[BlackTeam "San Jose"]
[WhiteTeamCountry "ESP"]
[BlackTeamCountry "ESP"]

1. d4 Nf6 2. c4 e6 3. Nf3 d5 4. Nc3 Be7 5. cxd5 exd5 6. Bg5 0-0 7. Qc2 Nbd7 8. e3 Re8 9. Bd3 Nf8 10. h3 c6 11. 0-0 Nh5 12. Bxe7 Qxe7 13. Rae1 Be6 14. g4 Nf6 15. Ne5 N6d7 16. f4 f6 17. Nf3 Qd6 18. Qf2 Bf7 19. Nh4 Bg6 20. Nf5 Bxf5 21. Bxf5 c5 22. Rd1 c4 23. e4 dxe4 24. Bxe4 Qa6 25. Bd5+ Kh8 26. Rfe1 Rac8 27. Bf7 Rxe1+ 28. Qxe1 Qd6 29. Qe4 Nb6 30. f5 Qg3+ 31. Qg2 Qe3+ 32. Kf1 Qe7 33. Bd5 Nxd5 34. Qxd5 Re8 35. Qf3 Qb4 36. Rd2 a6 37. a3 Qd6 38. Nd5 Qc6 39. Kf2 Qd6 40. Nf4 b5 41. h4 Nd7 42. Kg2 Nf8 43. Kh3 Nd7 44. Re2 Rxe2 45. Qxe2 Nf8 46. Qe8 Kg8 47. Ne6 h6 48. Kg2 Qd5+ 49. Kf2 Qd6 50. Kf3 Qd5+ 51. Ke3 Qd6 52. Ke4 a5 53. Qxf8+ Qxf8 54. Nxf8 Kxf8 55. Kd5 1-0

[Event "Aragon-chT Honor GrA"]
[Site "Aragon"]
[Date "2016.02.27"]
[Round "5.14"]
[White "Garcia Fernandez, Javier"]
[Black "Roque Sola, Gisela"]
[Result "1-0"]
[WhiteElo "2173"]
[BlackElo "2012"]
[PlyCount "100"]
[EventDate "2016.01.30"]
[EventType "team-tourn"]
[EventRounds "7"]
[EventCountry "ESP"]
[SourceTitle "EXT 2018"]
[Source "ChessBase"]
[SourceDate "2017.10.13"]
[SourceVersion "1"]
[SourceVersionDate "2017.10.13"]
[SourceQuality "1"]
[WhiteTeam "Teruel"]
[BlackTeam "Agrupacion II"]
[WhiteTeamCountry "ESP"]
[BlackTeamCountry "ESP"]

1. e4 e6 2. d4 d5 3. Nc3 Nf6 4. e5 Nfd7 5. f4 c5 6. Nf3 Nc6 7. Be3 Be7 8. Qd2 a6 9. g3 b5 10. dxc5 Nxc5 11. a3 Qa5 12. Bd3 b4 13. Ne2 Nxd3+ 14. cxd3 bxa3 15. Qxa5 Nxa5 16. bxa3 Rb8 17. Ned4 Bd7 18. Bd2 Nc6 19. Ke2 Nxd4+ 20. Nxd4 Bc5 21. Rhb1 0-0 22. Nb3 Be7 23. Be3 Rfc8 24. Nd2 Rxb1 25. Rxb1 Bb5 26. Rb3 h6 27. Bd4 Rc1 28. Rb1 Bxa3 29. Rxc1 Bxc1 30. Nb3 Ba3 31. Bc3 Kh7 32. g4 Kg6 33. h3 f6 34. Nd4 Kf7 35. f5 fxe5 36. Nxe6 Bd6 37. Kd2 Kf6 38. Ba5 Bd7 39. Bd8+ Kf7 40. Bc7 Bxc7 41. Nxc7 d4 42. Nxa6 Bc6 43. Ke2 e4 44. Nc5 exd3+ 45. Nxd3 Kf6 46. Kf2 g6 47. fxg6 Kxg6 48. Ne5+ Kg5 49. Nxc6 Kh4 50. Kg2 d3 1-0

[Event "Aragon-chT Honor GrA"]
[Site "Aragon"]
[Date "2016.02.06"]
[Round "2.9"]
[White "Garcia Fernandez, Javier"]
[Black "Llanes Luno, Ricardo"]
[Result "1/2-1/2"]
[WhiteElo "2173"]
[BlackElo "2170"]
[PlyCount "74"]
[EventDate "2016.01.30"]
[EventType "team-tourn"]
[EventRounds "7"]
[EventCountry "ESP"]
[SourceTitle "EXT 2018"]
[Source "ChessBase"]
[SourceDate "2017.10.13"]
[SourceVersion "1"]
[SourceVersionDate "2017.10.13"]
[SourceQuality "1"]
[WhiteTeam "Teruel"]
[BlackTeam "Delicias"]
[WhiteTeamCountry "ESP"]
[BlackTeamCountry "ESP"]

1. e4 c5 2. Nf3 Nc6 3. Nc3 e6 4. d4 cxd4 5. Nxd4 Qb6 6. Nb3 Nf6 7. Be3 Qc7 8. a3 a6 9. f4 d6 10. Be2 b5 11. 0-0 Bb7 12. Qe1 Be7 13. Qg3 b4 14. axb4 Nxb4 15. Bd3 0-0 16. f5 Nxd3 17. cxd3 Ne8 18. Rfc1 Qd7 19. fxe6 fxe6 20. Qh3 Nf6 21. Na4 Bd8 22. e5 Nd5 23. Bd2 Rc8 24. Rxc8 Bxc8 25. exd6 Qxd6 26. g3 Bb7 27. Nbc5 Bb6 28. d4 Bxc5 29. Nxc5 Nf4 30. Bxf4 Qxd4+ 31. Kf1 Qxc5 32. Qxe6+ Kh8 33. h4 Bd5 34. Qe5 Qb5+ 35. Kg1 Re8 36. Ra5 Qb6+ 37. Be3 Qxe3+ 1/2-1/2

[Event "Aragon-chT Honor Descenso"]
[Site "Aragon"]
[Date "2015.03.21"]
[Round "9.29"]
[White "Fernandez Rubio, Rafael"]
[Black "Garcia Fernandez, Javier"]
[Result "0-1"]
[WhiteElo "2114"]
[BlackElo "2210"]
[PlyCount "83"]
[EventDate "2015.02.21"]
[EventType "team-tourn"]
[EventRounds "10"]
[EventCountry "ESP"]
[SourceTitle "EXT 2017"]
[Source "ChessBase"]
[SourceDate "2016.10.25"]
[SourceVersion "1"]
[SourceVersionDate "2016.10.25"]
[SourceQuality "1"]
[WhiteTeam "Tauste"]
[BlackTeam "Teruel"]
[WhiteTeamCountry "ESP"]
[BlackTeamCountry "ESP"]

1. e4 c5 2. Nf3 Nc6 3. d4 cxd4 4. Nxd4 g6 5. c4 Nf6 6. Nc3 d6 7. Be2 Nxd4 8. Qxd4 Bg7 9. 0-0 0-0 10. Qd3 Be6 11. Be3 Nd7 12. f4 Qa5 13. Bd4 Bxd4+ 14. Qxd4 Qb6 15. Qxb6 Nxb6 16. Nd5 Bxd5 17. cxd5 Rac8 18. Rac1 Na4 19. Bg4 Rc5 20. b4 Rc3 21. Bd7 Ra3 22. Rf2 Nc3 23. Re1 Rxa2 24. Rxa2 Nxa2 25. Ra1 Nc3 26. Rxa7 Rb8 27. Kf2 Nxe4+ 28. Kf3 Nf6 29. Bc6 bxc6 30. dxc6 Nd5 31. Rb7 Rc8 32. b5 Kg7 33. Ke4 Nc3+ 34. Kd3 Nxb5 35. Rxb5 Rxc6 36. g4 Rc1 37. Rb7 Kf6 38. g5+ Ke6 39. Rb2 Kf5 40. Ke3 Rc3+ 41. Ke2 Kxf4 42. Rb7 0-1

[Event "Aragon-chT Honor GrA"]
[Site "Aragon"]
[Date "2015.01.24"]
[Round "1.13"]
[White "Cebrian Valverde, Jose Antonio"]
[Black "Garcia Fernandez, Javier"]
[Result "1-0"]
[WhiteElo "2140"]
[BlackElo "2210"]
[PlyCount "157"]
[EventDate "2015.01.24"]
[EventType "team-tourn"]
[EventRounds "7"]
[EventCountry "ESP"]
[SourceTitle "EXT 2017"]
[Source "ChessBase"]
[SourceDate "2016.10.25"]
[SourceVersion "1"]
[SourceVersionDate "2016.10.25"]
[SourceQuality "1"]
[WhiteTeam "San Jose"]
[BlackTeam "Teruel"]
[WhiteTeamCountry "ESP"]
[BlackTeamCountry "ESP"]

1. d4 Nf6 2. Nf3 e6 3. g3 d5 4. Bg2 Be7 5. c4 0-0 6. Qc2 a6 7. Nbd2 dxc4 8. Nxc4 Nc6 9. 0-0 b5 10. Nce5 Nb4 11. Qd1 Bb7 12. a3 Nbd5 13. Bd2 c5 14. dxc5 Bxc5 15. Rc1 Qb6 16. Nd3 Bd6 17. Nfe5 Bxe5 18. Nxe5 Qd4 19. Nd3 Rac8 20. Bb4 Nxb4 21. Bxb7 Rxc1 22. Nxc1 Qb6 23. Bf3 Rd8 24. Qb3 Nc6 25. e3 Ne5 26. Bg2 Nc4 27. Re1 Rd2 28. Nd3 Qd6 29. Bf1 e5 30. Rc1 h5 31. Rc2 Ne4 32. a4 Rd1 33. Rc1 Rxc1 34. Nxc1 Qd2 35. Nd3 Nxe3 36. fxe3 Qxe3+ 37. Kg2 h4 38. Qd5 h3+ 39. Kxh3 Qh6+ 40. Kg2 Qd2+ 41. Kh1 Nf2+ 42. Kg1 Nd1 43. Qa8+ Kh7 44. Qe4+ Kg8 45. Qe2 Qe3+ 46. Qxe3 Nxe3 47. Nxe5 f6 48. axb5 axb5 49. Nc6 Nd1 50. b3 Nc3 51. Nd4 b4 52. Nc2 Na2 53. Kf2 Kf7 54. Ke3 Ke6 55. Kd4 Kf5 56. h3 Ke6 57. Kc4 Nc3 58. Kxb4 Ne4 59. g4 Ke5 60. Bg2 Nd6 61. Kc5 g6 62. b4 f5 63. Nd4 fxg4 64. hxg4 Ne8 65. Bc6 Nc7 66. Ne2 Na6+ 67. Kc4 Kf6 68. b5 Nb8 69. Bf3 Nd7 70. Kd5 Ke7 71. Nd4 Kd8 72. Ke6 Kc7 73. Bc6 Nc5+ 74. Kf6 Kd6 75. Kxg6 Ke5 76. Nf5 Ne6 77. b6 Nd8 78. Bg2 Kf4 79. Nh6 1-0

[Event "Aragon-chT Honor Descenso"]
[Site "Aragon"]
[Date "2014.03.30"]
[Round "11.17"]
[White "Laliena Solanes, Luis M"]
[Black "Garcia Fernandez, Javier"]
[Result "1/2-1/2"]
[WhiteElo "2147"]
[BlackElo "2174"]
[PlyCount "24"]
[EventDate "2014.01.25"]
[EventType "team-tourn"]
[EventRounds "11"]
[EventCountry "ESP"]
[SourceTitle "EXT 2015"]
[Source "ChessBase"]
[SourceDate "2014.11.20"]
[SourceVersion "1"]
[SourceVersionDate "2014.11.20"]
[SourceQuality "1"]
[WhiteTeam "Aragon ONCE"]
[BlackTeam "Teruel"]
[WhiteTeamCountry "ESP"]
[BlackTeamCountry "ESP"]

1. e4 c5 2. b3 Nc6 3. Bb2 d6 4. Nc3 Nf6 5. Bb5 Bd7 6. f4 Qb6 7. a4 a6 8. Bxc6 Bxc6 9. Qe2 0-0-0 10. Nf3 h6 11. 0-0-0 e6 12. d4 d5 1/2-1/2

[Event "Aragon-chT Preferente Ascenso"]
[Site "Aragon"]
[Date "2013.04.07"]
[Round "11.29"]
[White "Galve Guinea, Alejandro"]
[Black "Garcia Fernandez, Javier"]
[Result "0-1"]
[WhiteElo "2025"]
[BlackElo "2168"]
[PlyCount "36"]
[EventDate "2013.01.26"]
[EventType "team-tourn"]
[EventRounds "11"]
[EventCountry "ESP"]
[SourceTitle "EXT 2014"]
[Source "ChessBase"]
[SourceDate "2013.11.20"]
[SourceVersion "1"]
[SourceVersionDate "2013.11.20"]
[SourceQuality "1"]
[WhiteTeam "El Olivar III"]
[BlackTeam "Teruel"]
[WhiteTeamCountry "ESP"]
[BlackTeamCountry "ESP"]

1. Nf3 Nf6 2. c4 e6 3. Nc3 d5 4. d4 c6 5. e3 Nbd7 6. Qc2 Bd6 7. g4 h6 8. Rg1 e5 9. cxd5 cxd5 10. g5 hxg5 11. Rxg5 e4 12. Nd2 Nb6 13. Rg2 Rxh2 14. Bb5+ Kf8 15. Rg1 Ng4 16. Ndxe4 dxe4 17. Qxe4 Nxf2 18. Qf3 Qh4 0-1

[Event "Aragon-chT Preferente B"]
[Site "Aragon"]
[Date "2013.02.09"]
[Round "3.57"]
[White "Castillo Sanjuan, Daniel"]
[Black "Garcia Fernandez, Javier"]
[Result "0-1"]
[WhiteElo "2017"]
[BlackElo "2168"]
[PlyCount "54"]
[EventDate "2013.01.26"]
[EventType "team"]
[EventRounds "9"]
[EventCountry "ESP"]
[SourceTitle "EXT 2014"]
[Source "ChessBase"]
[SourceDate "2013.11.20"]
[SourceVersion "1"]
[SourceVersionDate "2013.11.20"]
[SourceQuality "1"]
[WhiteTeam "IberCaja III"]
[BlackTeam "Teruel"]
[WhiteTeamCountry "ESP"]
[BlackTeamCountry "ESP"]

1. e4 c5 2. Nf3 g6 3. d4 cxd4 4. Qxd4 Nf6 5. Bc4 Nc6 6. Qe3 Bg7 7. 0-0 0-0 8. Nc3 d6 9. h3 a6 10. a4 Nb4 11. Bb3 Qc7 12. Qe2 Nd7 13. Bd2 Nc5 14. Qc4 Nc6 15. Nd5 Qd8 16. Ba2 Bxb2 17. Rab1 b5 18. Qe2 Bg7 19. axb5 axb5 20. Bb3 e6 21. Nb4 Na5 22. Rfd1 Bb7 23. Bg5 Qc7 24. Nd2 Bc3 25. Ba2 Bxd2 26. Bxd2 Nxe4 27. Bh6 Nc3 0-1

[Event "Aragon-chT"]
[Site "Aragon"]
[Date "2008.02.02"]
[Round "1"]
[White "Ramon Perez, Jose Luis"]
[Black "Garcia Fernandez, Javier"]
[Result "1-0"]
[WhiteElo "2327"]
[BlackElo "2110"]
[PlyCount "63"]
[EventDate "2008.02.02"]
[EventType "team-swiss"]
[EventRounds "12"]
[EventCountry "ESP"]
[SourceTitle "EXT 2011"]
[Source "ChessBase"]
[SourceDate "2010.11.26"]
[SourceVersion "1"]
[SourceVersionDate "2010.11.26"]
[SourceQuality "1"]

1. e4 c5 2. Nc3 d6 3. d4 cxd4 4. Qxd4 Bd7 5. Bc4 Nc6 6. Qe3 g6 7. h4 Bg7 8. h5 Nd4 9. Bd3 Rc8 10. Nge2 e5 11. Qg3 Be6 12. 0-0 Nxe2+ 13. Bxe2 Nf6 14. h6 Bf8 15. Bg5 Be7 16. Qh4 Nd7 17. Bxe7 Qxe7 18. Qg3 0-0 19. Rad1 Rfd8 20. Rd2 a6 21. Rfd1 Rc6 22. f4 f6 23. f5 Bf7 24. Nd5 Qf8 25. fxg6 hxg6 26. Bg4 Bxd5 27. exd5 Rc4 28. Bxd7 Rxd7 29. Qxg6+ Kh8 30. Rf1 Rh4 31. Rxf6 Qc8 32. Rdf2 1-0

[Event "Aragon-chT"]
[Site "Zaragoza"]
[Date "1999.12.03"]
[Round "6"]
[White "Gimeno Oteo, Marco Antonio"]
[Black "Garcia Fernandez, Javier"]
[Result "1/2-1/2"]
[WhiteElo "2168"]
[BlackElo "2326"]
[PlyCount "60"]
[EventDate "1999.11.??"]
[EventType "team"]
[EventRounds "9"]
[EventCountry "ESP"]
[SourceTitle "CBM 073 Extra"]
[Source "ChessBase"]
[SourceDate "2000.01.11"]
[SourceVersion "1"]
[SourceVersionDate "2000.01.11"]
[SourceQuality "1"]

1. e4 g6 2. d4 Bg7 3. Nc3 d6 4. f4 Nf6 5. Nf3 0-0 6. e5 Ne8 7. h4 Bg4 8. h5 dxe5 9. fxe5 c5 10. hxg6 hxg6 11. Bg5 Nc6 12. dxc5 Qa5 13. Rh4 Nxe5 14. Qe2 Qxc5 15. 0-0-0 Nxf3 16. Rxg4 Nxg5 17. Rd5 Qc6 18. Rdxg5 Bh6 19. Kb1 Bxg5 20. Rxg5 Ng7 21. Nd5 Rfe8 22. b3 f6 23. Nb4 Qd6 24. Qc4+ Qe6 25. Rxg6 Qxc4 26. Bxc4+ Kh7 27. Rg3 e6 28. Nd3 Nh5 29. Rh3 Kg6 30. Nc5 Ng7 1/2-1/2

[Event "Aragon-chT"]
[Site "Zaragoza"]
[Date "1999.11.29"]
[Round "2"]
[White "Hernando Garcia, Antonio"]
[Black "Garcia Fernandez, Javier"]
[Result "0-1"]
[WhiteElo "2201"]
[BlackElo "2326"]
[PlyCount "64"]
[EventDate "1999.11.??"]
[EventType "team"]
[EventRounds "9"]
[EventCountry "ESP"]
[SourceTitle "CBM 073 Extra"]
[Source "ChessBase"]
[SourceDate "2000.01.11"]
[SourceVersion "1"]
[SourceVersionDate "2000.01.11"]
[SourceQuality "1"]

1. Nf3 c5 2. c4 Nc6 3. Nc3 d6 4. g3 g6 5. Bg2 Bg7 6. 0-0 Qd7 7. d3 b6 8. Bd2 Bb7 9. Rb1 Nh6 10. a3 0-0 11. b4 Nf5 12. bxc5 dxc5 13. Nb5 e5 14. a4 Rfe8 15. Nc3 Nd6 16. Ne1 Rad8 17. Bg5 f6 18. Bd5+ Kh8 19. Bd2 e4 20. dxe4 Nxc4 21. Bxc4 Qxd2 22. Qxd2 Rxd2 23. Bd3 f5 24. Nf3 Rxd3 25. exd3 Bxc3 26. Ng5 Kg7 27. f3 Ba6 28. Rb3 Nd4 29. Rxc3 Ne2+ 30. Kf2 Nxc3 31. a5 fxe4 32. Re1 e3+ 0-1